000 nam a22 4500
999 _c9296
_d9296
008 180430b ||||| |||| 00| 0 eng d
245 _aWHO: Number of obese, overweight children under 5 alarming.
260 _aPhilippines
_bThe Philippine Star
_cc2016
300 _apage 15.
650 0 _927664
_aObesity.
942 _2ddc
_cPER